天津海河牌220ml花色牛奶有哪些口味? - Statistics

General Stats
  • This quiz has been taken 30 times
  • The average score is 8 of 13
Answer Stats
口味 % Correct
巧克力
89%
草莓
89%
香芋
82%
可可
79%
咖啡
75%
香蕉
71%
哈密瓜
61%
椰子
54%
薄荷巧克力
54%
香菜牛油果
54%
樱花白桃
32%
玫瑰荔枝
29%
燕麦
21%
No matching quizzes found
Score Distribution
Percent of People with Each Score
Percentile by Number Answered
Your Score History
You have not taken this quiz